[Event "FIN-ch rapid"]
[Site "Helsinki"]
[Date "2019.08.24"]
[Round "7"]
[White "Ruotanen, Helge"]
[Black "Kulmala, Viktor"]
[Result "1-0"]
[WhiteElo "1920"]
[BlackElo "1040"]
[PlyCount "47"]
[EventDate "2019.08.24"]
[EventType "swiss (rapid)"]
[EventRounds "9"]
[EventCountry "FIN"]
[SourceTitle "EXT 2020"]
[Source "ChessBase"]
[SourceDate "2019.10.17"]
[SourceVersion "1"]
[SourceVersionDate "2019.10.17"]
[SourceQuality "1"]

1. g3 g6 2. Bg2 Bg7 3. d3 d6 4. Nc3 Nf6 5. e4 0-0 6. Bg5 c6 7. Qd2 Qb6 8. Rb1 e5 9. h3 Be6 10. Nf3 Qc7 11. g4 d5 12. Nh4 d4 13. Ne2 Bxa2 14. Ra1 Be6 15. f4 exf4 16. Bxf4 Qb6 17. 0-0 Nbd7 18. Nf5 Bxf5 19. gxf5 Nh5 20. Bd6 Rfd8 21. fxg6 hxg6 22. Bb4 c5 23. Ba5 Qxb2 24. Rfb1 1-0